Introduction to Educational Technology (Record no. 154074)

MARC details
000 -LEADER
fixed length control field 00496nam a22001817a 4500
003 - CONTROL NUMBER IDENTIFIER
control field dpl
005 - DATE AND TIME OF LATEST TRANSACTION
control field 20181015181853.0
008 - FIXED-LENGTH DATA ELEMENTS--GENERAL INFORMATION
fixed length control field 180716b xxu||||| |||| 00| 0 eng d
020 ## - INTERNATIONAL STANDARD BOOK NUMBER
International Standard Book Number 8183820026
Terms of availability 450.00
035 ## - SYSTEM CONTROL NUMBER
System control number B-219283
040 ## - CATALOGING SOURCE
Original cataloging agency DPL
Language of cataloging ENGLISH
Transcribing agency 0
082 ## - DEWEY DECIMAL CLASSIFICATION NUMBER
Classification number 371.3
100 ## - MAIN ENTRY--PERSONAL NAME
Personal name Singh,C.P.
245 ## - TITLE STATEMENT
Title Introduction to Educational Technology
Statement of responsibility, etc by C.P.Singh
260 ## - PUBLICATION, DISTRIBUTION, ETC. (IMPRINT)
Place of publication, distribution, etc New Delhi
Name of publisher, distributor, etc Lotus Press
Date of publication, distribution, etc 2006
300 ## - PHYSICAL DESCRIPTION
Extent 312p;
Dimensions 21 cm
942 ## - ADDED ENTRY ELEMENTS (KOHA)
Source of classification or shelving scheme Dewey Decimal Classification
Koha item type English Books
Classification part 371.3
Call number suffix SIN
Holdings
Withdrawn status Lost status Source of classification or shelving scheme Damaged status Not for loan Collection code Home library Current library Date acquired Source of acquisition Cost, normal purchase price Total Checkouts Full call number Barcode Date last seen Cost, replacement price Price effective from Koha item type
    Dewey Decimal Classification     Non-fiction Patel Nagar Patel Nagar 16/07/2018 BPPD/PUB 0.00   371.3 SIN B-219283 16/07/2018 0.00 16/07/2018 English Books
    Dewey Decimal Classification     Non-fiction Sarojini Nagar Sarojini Nagar 15/10/2018       371.3 SIN B-219284 15/10/2018   15/10/2018 English Books

© Delhi Public Library
Hit Counter
free hit counter